| 000 | 00493cam a2200169 a 4500 | ||
|---|---|---|---|
| 020 | _a0521231256 | ||
| 020 | _a0521298296 (pbk.) | ||
| 040 | _cDLC | ||
| 082 | 0 | 0 | _a306 CAM 1982 A068 Or. |
| 100 | 2 | _aBayliss-Smith, Tim. | |
| 245 | 1 | 4 | _aThe ecology of agricultural systems / |
| 260 |
_aCambridge [Cambridgeshire] ; _aNew York : _bCambridge University Press, _c1982. |
||
| 300 |
_a112 p. : _bill. ; _c26 cm. |
||
| 650 | 0 | _aAgricultural ecology. | |
| 650 | 0 | _aAgricultural systems. | |
| 942 | _cEK | ||
| 999 |
_c14874 _d14874 |
||